Chansons françaises 1 - Statistiques

Statistiques générales
  • Ce quiz a été pris 907 fois
  • Le résultat moyen est 23 sur 60
Statistiques - réponses
Chanson Artiste(s) % Correct
Mon fils, ma bataille Daniel Balavoine
84%
On va s'aimer Gilbert Montagné
80%
Toi + Moi Grégoire
78%
La maladie d'amour Michel Sardou
76%
Savoir aimer Florent Pagny
75%
Alors regarde Patrick Bruel
70%
Encore et encore Francis Cabrel
67%
Avenir Louane
67%
La lettre Renan Luce
67%
Je m'voyais déjà Charles Aznavour
66%
Rockollection Laurent Voulzy
66%
Ça fait mal (2007) Christophe Maé
63%
Chanson sur ma drôle de vie Véronique Sanson
61%
Hélène Roch Voisine
60%
Born to Be Alive Patrick Hernandez
59%
Si j'avais un marteau Claude François
54%
Fête de trop Eddy de Pretto
52%
Ton invitation Louise attaque
51%
Les Daltons Joe Dassin
49%
Le chasseur Michel Delpech
48%
Osez Joséphine Alain Bashung
47%
Ces gens-là Jacques Brel
46%
Entre nous Chimène Badi
45%
La jument de Michao (2010) Nolween Leroy
45%
Comme un boomerang (2001) Etienne Daho
44%
Ça balance pas mal à Paris Michel Berger et France Gall
44%
Sur un prélude de Bach Maurane
40%
Africa Rose Laurens
39%
Ambiance à l'africaine Magic System
37%
Initials B.B. Serge Gainsbourg
35%
Confidence pour confidence Jean Schultheis
32%
C'est la vie Khaled
32%
J'ai tout oublié Marc Lavoine et Christina Marocco
31%
J'entends siffler le train Richard Anthony
29%
L'avventura Stone et Charden
29%
Bruxelles Boulevard des Airs
27%
C'est la ouate Caroline Loeb
27%
XXL (1995) Mylène Farmer
27%
Le chat Pow woW
27%
Elle habite ici Gérald De Palmas
25%
Il y a Vanessa Paradis
25%
Si jamais j'oublie Zaz
24%
Tu seras Emma Daumas
23%
L'Alizé Alizée
22%
La différence Lara Fabian
22%
Mercy Madame Monsieur
21%
Paris en colère Mireille Mathieu
21%
Voyage en Italie Lilicub
20%
D.I.S.C.O. Ottawan
20%
Darla dirladada Dalida
19%
College Boy Indochine
17%
Jolie Môme Léo Férré
17%
Le temps qui court Alain Chamfort
16%
Jolie poupée Bernard Menez
14%
Ça va, ça vient (1988) Liane Foly
11%
Superchérie Matthieu Chedid
11%
Je vous aime adieu Hélène Ségara
9%
Les divas du dancing Philippe Cataldo
8%
Les mauvais garçons Johnny Hallyday
4%
Un jour, un enfant Frida Bocarra
2%
Aucun quiz correspondant
Distribution des résultats
% des personnes avec chaque résultat
Percentile par nombre de réponses
Votre historique - résultats
Vous n’avez pas pris ce quiz